00270nam a2200097 a 450000500170000000800410001705000180005810000190007624500350009526000420013020140414131915.0100915s19uu xx 00 eng d aFICbK25 1972 aKeene, Carolyn aThe message in the hollow oak. aNew York :bGrosset & Dunlap,c1972.